[Event "Africa zt 4.4 op"]
[Site "Antananarivo"]
[Date "2024.01.16"]
[Round "7"]
[White "Andrianiaina, Heritiana"]
[Black "Magana, Ben"]
[Result "0-1"]
[WhiteElo "2157"]
[BlackElo "1995"]
[PlyCount "66"]
[EventDate "2024.01.11"]
[EventType "swiss"]
[EventRounds "9"]
[EventCountry "MAD"]
[SourceTitle "CB05_2024"]
[SourceDate "2024.01.31"]
[SourceVersion "1"]
[SourceVersionDate "2024.01.31"]
[SourceQuality "1"]

1. e4 e5 2. Nf3 Nc6 3. d4 exd4 4. Bc4 Nf6 5. e5 d5 6. Bb5 Ne4 7. Nxd4 Bc5 8. Be3 0-0 9. Bxc6 bxc6 10. Nxc6 Bxe3 11. 0-0 Bxf2+ 12. Rxf2 Nxf2 13. Kxf2 Qe8 14. Nd4 Qxe5 15. Nc3 Qxh2 16. Nf3 Qh6 17. Qxd5 Qb6+ 18. Kg3 Bb7 19. Qb3 Qd6+ 20. Kf2 Bxf3 21. Kxf3 Rab8 22. Qc4 Rxb2 23. Ne4 Qe5 24. Rh1 Qf5+ 25. Kg3 Rb6 26. Rh4 Rg6+ 27. Kh2 Qe5+ 28. g3 Rd8 29. Rf4 Rh6+ 30. Kg2 Qd5 31. Qxc7 Rc6 32. Qe7 Rxc2+ 33. Kh3 Qd7+ 0-1

[Event "World-chT Rapid"]
[Site "Dusseldorf"]
[Date "2023.08.26"]
[Round "1.13"]
[White "Berelowitsch, Alexander"]
[Black "Magana, Ben"]
[Result "1-0"]
[WhiteElo "2492"]
[BlackElo "2020"]
[PlyCount "61"]
[EventDate "2023.08.26"]
[EventType "team-swiss (rapid)"]
[EventRounds "12"]
[EventCountry "GER"]
[SourceTitle "CBM 215 Extra"]
[Source "ChessBase"]
[SourceDate "2023.09.30"]
[SourceVersion "1"]
[SourceVersionDate "2023.09.30"]
[SourceQuality "1"]
[WhiteTeam "Duesseldorf"]
[BlackTeam "Kenya Commercial Bank"]
[WhiteTeamCountry "GER"]
[BlackTeamCountry "KEN"]

1. e4 e5 2. Nf3 Nc6 3. Bb5 a6 4. Ba4 Nf6 5. 0-0 Be7 6. Re1 b5 7. Bb3 0-0 8. d4 d6 9. c3 Bg4 10. Be3 Na5 11. Bc2 Nc4 12. Bc1 c5 13. b3 Na5 14. d5 c4 15. b4 Nb7 16. a4 Bd7 17. h3 a5 18. axb5 Bxb5 19. Be3 axb4 20. Rxa8 Qxa8 21. cxb4 Rc8 22. Nc3 Be8 23. Qa1 Bd8 24. Qb2 Qb8 25. Qa3 Nd7 26. Ba4 Qc7 27. Nb5 Qb8 28. Na7 Bb6 29. Nxc8 Bxe3 30. Ne7+ Kf8 31. Nc6 1-0

[Event "World-chT Rapid"]
[Site "Dusseldorf"]
[Date "2023.08.26"]
[Round "2.14"]
[White "Sidletskyi, Ivan"]
[Black "Magana, Ben"]
[Result "1-0"]
[WhiteElo "2354"]
[BlackElo "2020"]
[PlyCount "51"]
[EventDate "2023.08.26"]
[EventType "team-swiss (rapid)"]
[EventRounds "12"]
[EventCountry "GER"]
[SourceTitle "CBM 215 Extra"]
[Source "ChessBase"]
[SourceDate "2023.09.30"]
[SourceVersion "1"]
[SourceVersionDate "2023.09.30"]
[SourceQuality "1"]
[WhiteTeam "Deutsche Schachjugend"]
[BlackTeam "Kenya Commercial Bank"]
[WhiteTeamCountry "GER"]
[BlackTeamCountry "KEN"]

1. e4 e5 2. Nf3 Nc6 3. Bc4 Nf6 4. d4 exd4 5. e5 d5 6. Bb5 Ne4 7. Nxd4 Bc5 8. Be3 0-0 9. Nxc6 bxc6 10. Bxc5 Nxc5 11. Bxc6 Rb8 12. Qxd5 Qe7 13. 0-0 Rxb2 14. Na3 Ne6 15. Qa5 Nd4 16. Be4 Qh4 17. Rfe1 Rb6 18. Qc3 Ne6 19. Nc4 Ra6 20. g3 Qh5 21. f4 Nc5 22. Bf3 Bg4 23. Bxg4 Qxg4 24. Ne3 Ne4 25. Qd3 Nc5 26. Qxa6 1-0

[Event "Kitale op"]
[Site "Kitale"]
[Date "2023.05.13"]
[Round "2"]
[White "Madelta, Glenda"]
[Black "Magana, Ben"]
[Result "0-1"]
[WhiteElo "1580"]
[BlackElo "2007"]
[PlyCount "76"]
[EventDate "2023.05.13"]
[EventType "swiss"]
[EventRounds "6"]
[EventCountry "KEN"]
[SourceTitle "EXT 2024"]
[Source "ChessBase"]
[SourceDate "2023.10.10"]
[SourceVersion "1"]
[SourceVersionDate "2023.10.10"]
[SourceQuality "1"]

1. d4 Nf6 2. Bf4 c5 3. d5 Qb6 4. Bc1 g6 5. c4 Bg7 6. Nc3 0-0 7. e4 e6 8. Bd3 exd5 9. exd5 d6 10. Nge2 Nbd7 11. f4 Re8 12. 0-0 Ng4 13. h3 Ne3 14. Bxe3 Rxe3 15. Qd2 Re8 16. Kh1 Qd8 17. Ne4 Nf6 18. N2g3 Nxe4 19. Nxe4 Bf5 20. Rae1 Bxe4 21. Rxe4 Qf6 22. b3 Rxe4 23. Bxe4 Re8 24. Bf3 Qh4 25. Kh2 Bd4 26. g3 Qe7 27. Kg2 Kg7 28. Rd1 Qf6 29. Qc1 Qe7 30. Qd2 b6 31. Rf1 Qf6 32. Qc1 Re3 33. Re1 Rc3 34. Qd1 g5 35. fxg5 Qxg5 36. h4 Qg6 37. Bh5 Qxg3+ 38. Kh1 Qh3# 0-1

[Event "KEN Nat Team Selection"]
[Site "Ruaraka"]
[Date "2023.01.27"]
[Round "6"]
[White "Magana, Ben"]
[Black "Nguku Namale, Ben"]
[Result "1/2-1/2"]
[WhiteElo "2121"]
[BlackElo "1949"]
[PlyCount "123"]
[EventDate "2023.01.20"]
[EventType "tourn"]
[EventRounds "11"]
[EventCountry "KEN"]
[SourceTitle "CBM 213 Extra"]
[Source "ChessBase"]
[SourceDate "2023.05.31"]
[SourceVersion "1"]
[SourceVersionDate "2023.05.31"]
[SourceQuality "1"]

1. d4 Nf6 2. Bf4 d5 3. e3 c5 4. Nf3 Nc6 5. Nbd2 cxd4 6. exd4 Bf5 7. c3 e6 8. Qb3 Qc8 9. Ne5 Be7 10. h3 Nxe5 11. Bxe5 0-0 12. Be2 a6 13. a4 Qd7 14. a5 Bd6 15. g4 Bg6 16. h4 h6 17. h5 Bh7 18. g5 hxg5 19. h6 Bxe5 20. hxg7 Kxg7 21. dxe5 Ne4 22. Nxe4 Bxe4 23. Rg1 f6 24. f4 fxe5 25. Rxg5+ Kf6 26. Rxe5 Qh7 27. Rh5 Qc7 28. Rh4 Rh8 29. Bh5 Bf3 30. Qb4 Qc4 31. Qxc4 dxc4 32. Bxf3 Rxh4 33. 0-0-0 Rxf4 34. Bxb7 Ra7 35. Bc8 Rc7 36. Bxa6 Rc5 37. Rd4 e5 38. Rxf4+ exf4 39. Kd2 Ke5 40. Ke2 Rxa5 41. Bxc4 Ra4 42. Bf7 Re4+ 43. Kf2 Re3 44. Bg6 Rh3 45. b4 Rxc3 46. b5 Rb3 47. Be8 Kf6 48. Bd7 Ke5 49. Bc6 Kf5 50. Bd7+ Kg5 51. Bc6 Rb4 52. Kf3 Kf5 53. Bd7+ Ke5 54. Bc6 Rb2 55. Bd7 Rb3+ 56. Kf2 f3 57. Kg3 Ke4 58. Bc6+ Ke3 59. Bxf3 Rxb5 60. Kg4 Rb4+ 61. Kg3 Rb6 62. Bh5 1/2-1/2

[Event "KEN Nat Team Selection"]
[Site "Ruaraka"]
[Date "2023.01.21"]
[Round "3"]
[White "Mcligeyo, Robert Oluka"]
[Black "Magana, Ben"]
[Result "1-0"]
[WhiteElo "1860"]
[BlackElo "2121"]
[PlyCount "101"]
[EventDate "2023.01.20"]
[EventType "tourn"]
[EventRounds "11"]
[EventCountry "KEN"]
[SourceTitle "CBM 213 Extra"]
[Source "ChessBase"]
[SourceDate "2023.05.31"]
[SourceVersion "1"]
[SourceVersionDate "2023.05.31"]
[SourceQuality "1"]

1. d4 d5 2. Nf3 Nf6 3. c4 c6 4. cxd5 cxd5 5. Nc3 Nc6 6. Bf4 Bf5 7. Qb3 Na5 8. Qa4+ Bd7 9. Qc2 e6 10. e3 Rc8 11. Bd3 Be7 12. 0-0 Nh5 13. Be5 f6 14. Bxh7 Kf8 15. Bg3 Be8 16. Bd3 Nxg3 17. hxg3 f5 18. Ne5 Nc6 19. Rac1 Nxe5 20. dxe5 d4 21. exd4 Bg5 22. Rcd1 f4 23. Qb3 fxg3 24. fxg3+ Bf7 25. Rxf7+ Kxf7 26. Rf1+ Bf6 27. d5 Qb6+ 28. Qxb6 axb6 29. dxe6+ Ke7 30. exf6+ gxf6 31. Be4 Rc5 32. Rf5 Kxe6 33. Rxc5 bxc5 34. Bxb7 Ke5 35. Bf3 Rb8 36. Nd1 Kd4 37. Kf2 Kd3 38. g4 Rb4 39. a3 Rb6 40. Kg3 Kd4 41. Kf4 c4 42. Kf5 Kd3 43. g5 fxg5 44. Kxg5 Kd2 45. Kf5 Rb3 46. Ke4 Rb8 47. Kd4 Rc8 48. a4 Kc2 49. a5 Kb3 50. a6 Rd8+ 51. Kc5 1-0

[Event "KEN-ch"]
[Site "Nairobi"]
[Date "2022.12.28"]
[Round "6"]
[White "Magana, Ben"]
[Black "Njuki, Gabriel"]
[Result "1-0"]
[WhiteElo "2132"]
[BlackElo "1606"]
[PlyCount "87"]
[EventDate "2022.12.26"]
[EventType "swiss"]
[EventRounds "9"]
[EventCountry "KEN"]
[SourceTitle "EXT 2024"]
[Source "ChessBase"]
[SourceDate "2023.10.10"]
[SourceVersion "1"]
[SourceVersionDate "2023.10.10"]
[SourceQuality "1"]

1. d4 d5 2. Bf4 Nf6 3. e3 c5 4. Nf3 Nc6 5. Nbd2 e6 6. c3 Bd6 7. Bg3 0-0 8. Bd3 Re8 9. Ne5 Qc7 10. f4 Ne7 11. 0-0 Nf5 12. Bf2 Bf8 13. g4 Nd6 14. Qf3 c4 15. Bc2 Nfe4 16. Bxe4 dxe4 17. Qe2 b5 18. g5 f6 19. Ng4 fxg5 20. fxg5 Bb7 21. Bg3 Qd8 22. Qg2 Nf5 23. h4 Bd6 24. Bxd6 Qxd6 25. Nf6+ gxf6 26. gxf6+ Qg3 27. f7+ Kxf7 28. Qxg3 Rg8 29. Qxg8+ Rxg8+ 30. Kf2 Kf6 31. Rg1 Rf8 32. Rg4 h5 33. Nxe4+ Ke7 34. Rf4 Bxe4 35. Rxe4 Nxd4+ 36. Rf4 Nf5 37. e4 Nxh4 38. Rxf8 Kxf8 39. Rh1 Ng6 40. Rxh5 e5 41. Rh7 Ne7 42. Ke3 Ke8 43. a4 a6 44. Rh6 1-0

[Event "Africa-ch U2300"]
[Site "Mombasa"]
[Date "2022.11.29"]
[Round "3"]
[White "Magana, Ben"]
[Black "Nsubuga, Haruna"]
[Result "1/2-1/2"]
[WhiteElo "2132"]
[BlackElo "2146"]
[PlyCount "83"]
[EventDate "2022.11.27"]
[EventType "swiss"]
[EventRounds "9"]
[EventCountry "KEN"]
[SourceTitle "EXT 2024"]
[Source "ChessBase"]
[SourceDate "2023.10.10"]
[SourceVersion "1"]
[SourceVersionDate "2023.10.10"]
[SourceQuality "1"]

1. d4 Nf6 2. Bf4 c5 3. d5 e6 4. c4 exd5 5. cxd5 d6 6. Nc3 Be7 7. h3 0-0 8. Nf3 Qa5 9. e3 Ne4 10. Qb3 Bf6 11. Rc1 Na6 12. Be2 b5 13. Qxb5 Bxc3+ 14. bxc3 Qxa2 15. 0-0 Qxd5 16. Qa4 Nb8 17. Rfd1 Bd7 18. Qc2 Qe6 19. Nd2 Nf6 20. Nc4 d5 21. Ne5 Nc6 22. Nxd7 Qxd7 23. Bf3 Qe6 24. c4 d4 25. Qa4 Ne4 26. Qb5 dxe3 27. fxe3 Nb4 28. Qb7 Rfe8 29. Rd7 a5 30. Rcd1 h6 31. Bxe4 Qxe4 32. Rxf7 Qxb7 33. Rxb7 g5 34. Rdd7 gxf4 35. Rg7+ Kh8 36. Rh7+ Kg8 37. Rbg7+ Kf8 38. Rc7 Kg8 39. Rhg7+ Kh8 40. Rh7+ Kg8 41. exf4 Re1+ 42. Kf2 1/2-1/2

[Event "KEN-ch"]
[Site "Nairobi"]
[Date "2021.12.27"]
[Round "3"]
[White "Magana, Ben"]
[Black "Thuku, Nephat Muchiri"]
[Result "1-0"]
[WhiteElo "2081"]
[BlackElo "1678"]
[PlyCount "71"]
[EventDate "2021.12.26"]
[EventType "swiss"]
[EventRounds "9"]
[EventCountry "KEN"]
[SourceTitle "EXT 2023"]
[Source "ChessBase"]
[SourceDate "2022.10.05"]
[SourceVersion "1"]
[SourceVersionDate "2022.10.05"]
[SourceQuality "1"]

1. d4 Nf6 2. Bf4 e6 3. e3 c5 4. Nf3 b6 5. Nbd2 Bb7 6. Nc4 Ne4 7. Bd3 d5 8. Nce5 Be7 9. Bb5+ Kf8 10. h4 h5 11. c3 a6 12. Bd3 c4 13. Bxe4 dxe4 14. Ng5 Bxg5 15. hxg5 g6 16. Nxc4 Bd5 17. Be5 Bxc4 18. Bxh8 Qxg5 19. g3 f6 20. Qa4 b5 21. Qa3+ Kg8 22. b3 Bd3 23. 0-0-0 Kxh8 24. Qf8+ Kh7 25. Qf7+ Kh8 26. f4 Qxg3 27. Rdg1 Qxe3+ 28. Kb2 Qe2+ 29. Ka3 e3 30. Qb7 a5 31. Qxa8 b4+ 32. cxb4 axb4+ 33. Kxb4 Qd2+ 34. Ka3 Kg7 35. Qb7+ Kh6 36. Rxh5+ 1-0

[Event "KEN-ch"]
[Site "Nairobi"]
[Date "2021.12.26"]
[Round "1"]
[White "Magana, Ben"]
[Black "Zadock, Nyakundi"]
[Result "1/2-1/2"]
[WhiteElo "2081"]
[BlackElo "1472"]
[PlyCount "85"]
[EventDate "2021.12.26"]
[EventType "swiss"]
[EventRounds "9"]
[EventCountry "KEN"]
[SourceTitle "EXT 2023"]
[Source "ChessBase"]
[SourceDate "2022.10.05"]
[SourceVersion "1"]
[SourceVersionDate "2022.10.05"]
[SourceQuality "1"]

1. d4 d5 2. c4 c5 3. Nf3 Nf6 4. Nc3 Bf5 5. cxd5 cxd4 6. Qb3 b6 7. Bf4 a6 8. Bxb8 Rxb8 9. Qa4+ Bd7 10. Qb3 e6 11. e3 b5 12. Bd3 Bd6 13. 0-0 0-0 14. Rfc1 Qb6 15. Qd1 Rfc8 16. Ne5 Be8 17. f4 Nd7 18. Qh5 f5 19. Nxd7 Bxd7 20. Qf3 Rc6 21. Ne2 Rbc8 22. Rxc6 Rxc6 23. Qf1 Qa5 24. Qd1 Rc8 25. a3 Qb6 26. Rc1 Rxc1 27. Qxc1 b4 28. axb4 Bxb4 29. Nc3 a5 30. Qc2 Qc7 31. Kf2 g5 32. Na2 Qxc2+ 33. Bxc2 gxf4 34. exf4 Bd2 35. g3 Bb5 36. Bb3 a4 37. Bc2 Bc4 38. Bb1 h5 39. h4 Kf7 40. Kf3 Kg6 41. Kf2 Kh7 42. Kf3 Kg6 43. Kf2 1/2-1/2

[Event "UGA-chT 2122"]
[Site "Kampala"]
[Date "2021.11.07"]
[Round "3.1"]
[White "Mwase, Mathew"]
[Black "Magana, Ben"]
[Result "0-1"]
[WhiteElo "1396"]
[BlackElo "2035"]
[PlyCount "100"]
[EventDate "2021.10.24"]
[EventType "team-swiss"]
[EventRounds "14"]
[EventCountry "UGA"]
[SourceTitle "EXT 2023"]
[Source "ChessBase"]
[SourceDate "2022.10.05"]
[SourceVersion "1"]
[SourceVersionDate "2022.10.05"]
[SourceQuality "1"]
[WhiteTeam "Mulago Pawns"]
[BlackTeam "Western Express"]
[WhiteTeamCountry "UGA"]
[BlackTeamCountry "UGA"]

1. e4 e5 2. Nf3 Nc6 3. Nc3 Nf6 4. d3 d5 5. Bg5 dxe4 6. dxe4 Qxd1+ 7. Rxd1 Bb4 8. Bb5 Bg4 9. Rd3 Bxf3 10. gxf3 Nd7 11. Be3 Nc5 12. Rd5 Nd7 13. Ke2 a6 14. Ba4 b5 15. Bb3 Na5 16. f4 0-0-0 17. fxe5 c6 18. Rd3 Nxe5 19. Rxd8+ Rxd8 20. a3 Bxc3 21. bxc3 Nec4 22. Bd4 g6 23. f3 Nxa3 24. Bb6 Nxb3 25. cxb3 Rd7 26. Ra1 b4 27. cxb4 Nb5 28. Bc5 Kb7 29. Rc1 Nd4+ 30. Bxd4 Rxd4 31. Rc4 Rxc4 32. bxc4 c5 33. b5 axb5 34. cxb5 Kb6 35. f4 Kxb5 36. Kd3 Kc6 37. Kc3 f6 38. h4 h5 39. Kc4 Kd6 40. Kb5 g5 41. hxg5 fxg5 42. fxg5 h4 43. g6 Ke6 44. Kxc5 h3 45. g7 Kf7 46. Kd6 h2 47. e5 h1Q 48. e6+ Kxg7 49. e7 Qe1 50. Kd7 Kf7 0-1

[Event "Africa-ch"]
[Site "Lilongwe"]
[Date "2021.05.20"]
[Round "3"]
[White "Magana, Ben"]
[Black "Sihlongonyane, Sikhanyiso"]
[Result "1-0"]
[WhiteElo "2031"]
[BlackElo "1619"]
[PlyCount "41"]
[EventDate "2021.05.18"]
[EventType "swiss"]
[EventRounds "9"]
[EventCountry "MWI"]
[SourceTitle "CBM 202 Extra"]
[Source "ChessBase"]
[SourceDate "2021.07.31"]
[SourceVersion "1"]
[SourceVersionDate "2021.07.31"]
[SourceQuality "1"]

1. d4 Nf6 2. Bf4 d5 3. e3 e6 4. Nd2 c5 5. c3 Nc6 6. Ngf3 Be7 7. Ne5 0-0 8. Bd3 Bd6 9. Bg3 Qc7 10. f4 b6 11. 0-0 Bb7 12. Bh4 Be7 13. Qf3 g6 14. Qh3 Nb8 15. Ndf3 Ne4 16. Bxe4 dxe4 17. Ng5 Bxg5 18. fxg5 Qe7 19. Ng4 h5 20. gxh6 Qd6 21. h7+ 1-0

[Event "Kampala Zabasajja Memorial"]
[Site "Kampala"]
[Date "2020.01.31"]
[Round "1"]
[White "Namiiro, Janice Mubiru"]
[Black "Magana, Ben"]
[Result "0-1"]
[WhiteElo "1259"]
[BlackElo "2053"]
[PlyCount "82"]
[EventDate "2020.01.31"]
[EventType "swiss"]
[EventRounds "7"]
[EventCountry "UGA"]
[SourceTitle "EXT 2021"]
[Source "ChessBase"]
[SourceDate "2020.10.23"]
[SourceVersion "1"]
[SourceVersionDate "2020.10.23"]
[SourceQuality "1"]

1. d4 d5 2. c4 e5 3. e3 exd4 4. exd4 Nf6 5. Nf3 Bb4+ 6. Bd2 Nc6 7. a3 Be7 8. Be2 dxc4 9. Bxc4 Nxd4 10. Be3 Nc6 11. 0-0 Qxd1 12. Rxd1 0-0 13. Nc3 Bg4 14. Be2 a6 15. h3 Be6 16. Rac1 Rfd8 17. Bf4 Rdc8 18. Ne5 Na5 19. b4 Nb3 20. Rb1 a5 21. Bc4 c5 22. Bxe6 fxe6 23. Rxb3 a4 24. Rbb1 cxb4 25. axb4 Rxc3 26. Rd2 Nd5 27. Be3 a3 28. Ra2 Nxb4 29. Rd2 a2 30. Rbd1 a1Q 31. Rxa1 Rxa1+ 32. Kh2 Ra8 33. Rd7 Nd5 34. Bd4 Rc7 35. Rxc7 Nxc7 36. Bb6 Bd6 37. f4 Nd5 38. Bd4 Nxf4 39. Kg1 Ne2+ 40. Kf2 Nxd4 41. Nc4 Bf4 0-1

[Event "KEN-chT"]
[Site "Nairobi"]
[Date "2019.02.09"]
[Round "1.1"]
[White "Hugh, Misiko Okonga"]
[Black "Magana, Ben"]
[Result "1-0"]
[WhiteElo "1400"]
[BlackElo "2083"]
[PlyCount "105"]
[EventDate "2019.02.09"]
[EventType "team-tourn"]
[EventRounds "27"]
[EventCountry "KEN"]
[SourceTitle "CBM 192 Extra"]
[Source "Chessbase"]
[SourceDate "2019.11.06"]
[SourceVersion "1"]
[SourceVersionDate "2019.11.06"]
[SourceQuality "1"]
[WhiteTeam "Knight Riders"]
[BlackTeam "KCB Bank"]
[WhiteTeamCountry "KEN"]
[BlackTeamCountry "KEN"]

1. e4 e5 2. Nf3 Nc6 3. Bb5 a6 4. Ba4 Nf6 5. 0-0 Be7 6. Re1 b5 7. Bb3 0-0 8. c3 d5 9. exd5 Nxd5 10. Nxe5 Nxe5 11. Rxe5 c6 12. d4 Bd6 13. Re1 Qh4 14. g3 Qh3 15. Bxd5 cxd5 16. Qf3 Bg4 17. Qxd5 Rad8 18. Qg2 Qh5 19. Be3 Bf3 20. Qf1 f5 21. Nd2 f4 22. Bxf4 Rxf4 23. Nxf3 Rxf3 24. Re3 Rdf8 25. Rxf3 Qxf3 26. Re1 h5 27. Qe2 h4 28. Qxf3 Rxf3 29. Re6 Rf6 30. Rxf6 gxf6 31. Kg2 Kf7 32. Kf3 f5 33. h3 Kg6 34. b3 Be7 35. c4 Bf6 36. Ke3 Kf7 37. d5 hxg3 38. fxg3 Be5 39. Kf3 Bd6 40. h4 bxc4 41. bxc4 Kf6 42. g4 Ke5 43. g5 f4 44. h5 Bf8 45. g6 Bh6 46. a3 a5 47. a4 Bf8 48. d6 Kxd6 49. Kxf4 Bh6+ 50. Kf5 Ke7 51. c5 Be3 52. c6 Bh6 53. c7 1-0

[Event "Olympiad-43"]
[Site "Batumi"]
[Date "2018.09.25"]
[Round "2.1"]
[White "Magana, Ben"]
[Black "Kayonde, Andrew"]
[Result "1/2-1/2"]
[WhiteElo "2074"]
[BlackElo "2393"]
[PlyCount "114"]
[EventDate "2018.09.24"]
[EventType "team-swiss"]
[EventRounds "11"]
[EventCountry "GEO"]
[SourceTitle "CBM 187"]
[Source "ChessBase"]
[SourceDate "2018.12.11"]
[SourceVersion "1"]
[SourceVersionDate "2018.12.11"]
[SourceQuality "1"]
[WhiteTeam "Kenya"]
[BlackTeam "Zambia"]
[WhiteTeamCountry "KEN"]
[BlackTeamCountry "ZAM"]

1. e4 c6 2. d4 d5 3. Nc3 dxe4 4. Nxe4 Nd7 5. Nf3 Ngf6 6. Ng3 e6 7. Bd3 c5 8. c3 Bd6 9. 0-0 0-0 10. Re1 Qc7 11. Ne4 cxd4 12. Nxd6 Qxd6 13. cxd4 b6 14. Ne5 Bb7 15. Nxd7 Qxd7 16. Re3 Rfd8 17. Rg3 Qxd4 18. Bh6 g6 19. Qe2 Rd5 20. Re1 Nh5 21. Re3 Nf4 22. Bxf4 Qxf4 23. Be4 Rd7 24. Bxb7 Rxb7 25. g3 Qa4 26. Ra3 Qd7 27. Rd1 Qe7 28. Rad3 Rc8 29. Qe5 Rbc7 30. Kg2 Rc5 31. Qe4 Rc2 32. Qe5 R2c5 33. Qe4 Qf6 34. Rf3 Qxb2 35. Rd7 Rf8 36. Rxa7 Rd5 37. Qc4 Qe5 38. Qf4 Qxf4 39. Rxf4 Rb5 40. a4 Ra5 41. Rb7 g5 42. Rg4 h5 43. Rb4 Rfa8 44. Rb5 Kg7 45. R7xb6 Kf6 46. Rxa5 Rxa5 47. Rb4 Ke5 48. Kf3 Kd5 49. h4 g4+ 50. Kf4 f6 51. Ke3 e5 52. Rb6 f5 53. Rf6 f4+ 54. gxf4 Rxa4 55. fxe5 Re4+ 56. Kd3 Rxe5 57. f4 gxf3 1/2-1/2

[Event "Africa-ch"]
[Site "Kampala"]
[Date "2016.07.24"]
[Round "9"]
[White "Mohamud Hussein, Ali"]
[Black "Magana, Ben"]
[Result "0-1"]
[WhiteElo "1557"]
[BlackElo "2149"]
[PlyCount "100"]
[EventDate "2016.07.17"]
[EventType "swiss"]
[EventRounds "9"]
[EventCountry "UGA"]
[SourceTitle "EXT 2017"]
[Source "ChessBase"]
[SourceDate "2016.10.25"]
[SourceVersion "1"]
[SourceVersionDate "2016.10.25"]
[SourceQuality "1"]

1. e4 e5 2. Nf3 Nc6 3. Bb5 a6 4. Ba4 Nf6 5. 0-0 Be7 6. Re1 b5 7. Bb3 0-0 8. c3 d5 9. exd5 Nxd5 10. Nxe5 Nxe5 11. Rxe5 Nf6 12. d4 Bd6 13. Re1 Ng4 14. h3 Qh4 15. Be3 Bh2+ 16. Kh1 Bf4 17. Qd2 Nxe3 18. fxe3 Bd6 19. e4 Bf4 20. Qe2 Qg3 21. Kg1 Bxh3 22. Rf1 Bg4 23. Rf3 Qh2+ 24. Kf2 Qh4+ 25. Kf1 Bg3 26. Qe3 Bxf3 27. gxf3 Qh1+ 28. Ke2 Qg2+ 29. Kd1 Qxb2 30. f4 Bh4 31. e5 c5 32. d5 b4 33. Bc2 Qxa1 34. Qh3 Qxa2 35. Qxh4 Qxd5+ 36. Nd2 g6 37. Kc1 Qd8 38. Qh6 f5 39. Nf3 Rc8 40. Ng5 Qe7 41. Bd1 Rfd8 42. c4 Rd4 43. Be2 Rcd8 44. Qh4 a5 45. Kb1 Qd7 46. Qh1 Rd1+ 47. Bxd1 Qxd1+ 48. Qxd1 Rxd1+ 49. Kc2 Rd4 50. e6 Kf8 0-1

[Event "Africa-ch"]
[Site "Kampala"]
[Date "2016.07.19"]
[Round "4"]
[White "Hesham, Abdelrahman"]
[Black "Magana, Ben"]
[Result "1-0"]
[WhiteElo "2400"]
[BlackElo "2149"]
[PlyCount "63"]
[EventDate "2016.07.17"]
[EventType "swiss"]
[EventRounds "9"]
[EventCountry "UGA"]
[SourceTitle "CBM 173 Extra"]
[Source "ChessBase"]
[SourceDate "2016.08.29"]
[SourceVersion "1"]
[SourceVersionDate "2016.08.29"]
[SourceQuality "1"]

1. d4 d5 2. c4 e5 3. dxe5 d4 4. Nf3 Nc6 5. a3 Nge7 6. b4 Ng6 7. Bb2 a5 8. b5 Ncxe5 9. Nxe5 Nxe5 10. Bxd4 Nxc4 11. e3 Be6 12. Qc2 Nd6 13. Bd3 Qg5 14. f4 Qh4+ 15. g3 Qh5 16. 0-0 Nxb5 17. f5 Bd7 18. Bxb5 Bxb5 19. Qe4+ Be7 20. Qxb7 Bxf1 21. Qxa8+ Kd7 22. Qd5+ Bd6 23. Kxf1 Qxh2 24. Qg2 Qxg3 25. Qxg3 Bxg3 26. Bxg7 Rg8 27. Bd4 Rg5 28. e4 h5 29. Nc3 h4 30. Ne2 Bd6 31. Kf2 h3 32. a4 1-0